000 00841nab a2200241 u 4500
001 15303
003 HDC
007 cr bn ---aaaaa
008 210218c xx dr|noo 0 a eng d
040 _aHDC
245 0 _aNippon Express Malaysia Acquires Halal Warehousing Certification
260 _a[No place] :
_b[publisher not identified],
_c[no date]
336 _atext
_2rdacontent
337 _acomputer
_2rdamedia
338 _aonline resource
_2rdacarrier
650 _aBusiness logistics
_9618
650 _aHalal food industry
_xCertification
_zMalaysia
_9405
710 _aLogistics Manager
856 _zRequest full-text at [email protected]
942 _2lcc
942 _cNEWS
942 _kNWSO 004223
999 _c12619
_d12619